000 00331 a2200133 4500
082 _a330.9729
090 _c5566
_d5566
100 _aGovernement of Pakistna
245 _aEconomic Survey 1998-99
_cGovernement of Pakistan
260 _bIslamabad
_c1998
300 _a162
500 _apapercover
942 _aNBS
_cBK
_k330.9729 GOV
999 _c347970
_d347970